Classic composers (Record no. 12250)

MARC details
000 -LEADER
fixed length control field 00591nam a2200229 i 4500
001 - CONTROL NUMBER
control field C2-0077050
003 - CONTROL NUMBER IDENTIFIER
control field PPAK
005 - DATE AND TIME OF LATEST TRANSACTION
control field 20180727082443.0
008 - FIXED-LENGTH DATA ELEMENTS--GENERAL INFORMATION
fixed length control field 970429s1991 enka|||| ||||| | eng d
020 ## - INTERNATIONAL STANDARD BOOK NUMBER
International Standard Book Number 1854222465
040 ## - CATALOGING SOURCE
Original cataloging agency PPAK
Language of cataloging eng
Transcribing agency PPAK
Description conventions rda
082 04 - DEWEY DECIMAL CLASSIFICATION NUMBER
Classification number 780.92
Edition number 23
090 00 - LOCALLY ASSIGNED LC-TYPE CALL NUMBER (OCLC); LOCAL CALL NUMBER (RLIN)
Classification number (OCLC) (R) ; Classification number, CALL (RLIN) (NR) 780.92
Feature heading CLA
Feature heading R
245 00 - TITLE STATEMENT
Title Classic composers
264 #1 - PRODUCTION, PUBLICATION, DISTRIBUTION, MANUFACTURE, AND COPYRIGHT NOTICE
Place of production, publication, distribution, manufacture Leicester :
Name of producer, publisher, distributor, manufacturer Magna Books ,
Date of production, publication, distribution, manufacture, or copyright notice 1991
300 ## - PHYSICAL DESCRIPTION
Extent 194 pages :
Other physical details illustrations ;
Dimensions 29 cm
336 ## - CONTENT TYPE
Source rdacontent
Content type term text
337 ## - MEDIA TYPE
Source rdamedia
Media type term unmediated
338 ## - CARRIER TYPE
Source rdacarrier
Carrier type term volume
650 10 - SUBJECT ADDED ENTRY--TOPICAL TERM
Topical term or geographic name entry element Composers
942 ## - ADDED ENTRY ELEMENTS (KOHA)
-- dc
Koha item type Book
Holdings
Withdrawn Not for loan Current library Shelving location Date acquired Full call number Barcode Date last seen Koha item type Total Checkouts
  Not For Loan Perpustakaan Alor Setar Rujukan Dewasa 15/07/1998 R 780.92 CLA A00109554 08/05/2018 Book  
  Not For Loan Perpustakaan Alor Setar Rujukan Dewasa 15/07/1998 R 780.92 CLA A00109553 08/05/2018 Book  
  Not For Loan Perpustakaan Awam Sungai Petani Rujukan Dewasa 18/03/2004 R 780.92 CLA A00424849 08/05/2018 Book  
  Not For Loan Perpustakaan Jitra Rujukan Dewasa 22/03/2004 R 780.92 CLA A00846541 08/05/2018 Book  
  Not For Loan Perpustakaan Jitra Rujukan Dewasa 23/03/2004 R 780.92 CLA A00846549 08/05/2018 Book  
  Not For Loan Perpustakaan Kulim Rujukan Dewasa 28/03/2004 R 780.92 CLA A00343542 08/05/2018 Book  
  Not For Loan Perpustakaan Langkawi Rujukan Dewasa 31/10/2005 R 780.92 CLA A00356265 08/05/2018 Book  
  Not For Loan Perpustakaan Yan Rujukan Dewasa 28/03/2004 R 780.92 CLA A00163035 16/11/2021 Book